Automatizácia výroby zostavy s procesom 3D tlače, frézovania a automatického vkladania komponentov s využitím platformy e3D Toolchanger
Saved in:
| Main Author: | |
|---|---|
| Other Authors: | |
| Format: | Manuscript Book |
| Language: | Slovak |
| Published: |
2024
|
| Subjects: | |
| Online Access: | http://is.stuba.sk/zp/portal_zp.pl?podrobnosti=171066 |
| Tags: |
No Tags, Be the first to tag this record!
|
MARC
| LEADER | 00000ntm a22000003a 4500 | ||
|---|---|---|---|
| 001 | stuzp100350 | ||
| 003 | SK-STU | ||
| 005 | 20240615211806.9 | ||
| 007 | ta | ||
| 008 | 150427s2015----xo-----f-mn---000-0-slo-d | ||
| 040 | |a STU |b slo | ||
| 041 | 0 | |a slo | |
| 100 | 1 | |a Raček, Martin |u 020010 |4 aut |U SjF Strojnícka fakulta |T SjF Ústav aplikovanej mechaniky a mechatroniky |X 98614 |U J0010 |Y 801 |7 98614 | |
| 242 | 0 | 1 | |a Automation of assembly production with the process of 3D printing, milling and automatic insertion of components using the e3D Toolchanger platform |y eng |
| 245 | 1 | 0 | |a Automatizácia výroby zostavy s procesom 3D tlače, frézovania a automatického vkladania komponentov s využitím platformy e3D Toolchanger |
| 260 | |c 2024 | ||
| 650 | 4 | |a Toolchnager |2 slo | |
| 650 | 4 | |a 3D tlač |2 slo | |
| 650 | 4 | |a CNC |2 slo | |
| 650 | 4 | |a automatizovaná výroba |2 slo | |
| 650 | 4 | |a PrusaSlicer |2 slo | |
| 650 | 4 | |a Toolchnager |2 eng | |
| 650 | 4 | |a 3D printing |2 eng | |
| 650 | 4 | |a CNC |2 eng | |
| 650 | 4 | |a automation |2 eng | |
| 650 | 4 | |a PrusaSlicer |2 eng | |
| 700 | 1 | |a Dzurilla, Michal |u 020010 |k Z2 |4 ths |U SjF Strojnícka fakulta |T SjF Ústav aplikovanej mechaniky a mechatroniky |X 68105 |U J0010 |Y 801 |7 A000068105 | |
| 856 | 4 | |u http://is.stuba.sk/zp/portal_zp.pl?podrobnosti=171066 | |